Estudios contemporáneos e históricos en la construcción del territorio : medio ambiente, comunicación y problemáticas sociales de los paisajes culturales en América Latina /
Salvato in:
| Altri autori: | , , |
|---|---|
| Natura: | Elettronico eBook |
| Lingua: | spagnolo |
| Pubblicazione: |
San Luis Potosí, S.L.P. : Aguascalientes, Ags. :
El Colegio de San Luis ; Universidad Autónoma de Aguascalientes,
2020.
|
| Edizione: | Primera edición en formato digital. |
| Serie: | Colección Investigaciones (San Luis Potosí, Mexico)
|
| Soggetti: | |
| Accesso online: | Digitalia Hispánica |
| Tags: |
Aggiungi Tag
Nessun Tag, puoi essere il primo ad aggiungerne!!
|
MARC
| LEADER | 00000nam a2200000Ii 4500 | ||
|---|---|---|---|
| 001 | DIGCOSLU0017 | ||
| 003 | NyNyDIG | ||
| 006 | m o d | ||
| 007 | cr ||||||||||| | ||
| 008 | 241101s2020 mx ab ob 000 0 spa d | ||
| 035 | |a (OCoLC)1472053233 | ||
| 040 | |a DGITA |b eng |e rda |e pn |c DGITA | ||
| 020 | |a 9786078794003 |q (COLSAN) | ||
| 020 | |a 9786078523399 |q (UAA) | ||
| 020 | |z 9786078794577 |q (COLSAN) | ||
| 020 | |z 9786078782734 |q (UAA) | ||
| 043 | |a cl----- |a s------ | ||
| 050 | 1 | 4 | |a GF91.L29 ebook |
| 245 | 0 | 0 | |a Estudios contemporáneos e históricos en la construcción del territorio : |b medio ambiente, comunicación y problemáticas sociales de los paisajes culturales en América Latina / |c Carlos Rubén Ruiz Medrano, David Vázquez Salguero, Carlos Alberto Roque Puente (coordinadores). |
| 250 | |a Primera edición en formato digital. | ||
| 264 | 1 | |a San Luis Potosí, S.L.P. : |b El Colegio de San Luis ; |a Aguascalientes, Ags. : |b Universidad Autónoma de Aguascalientes, |c 2020. | |
| 300 | |a 1 online resource : |b illustrations, maps. | ||
| 336 | |a text |b txt |2 rdacontent | ||
| 337 | |a computer |b c |2 rdamedia | ||
| 338 | |a online resource |b cr |2 rdacarrier | ||
| 347 | |a text file |2 rdaft | ||
| 347 | |b EPUB | ||
| 490 | 1 | |a Colección Investigaciones | |
| 504 | |a Includes bibliographical references. | ||
| 588 | 0 | |a Online resource; title from ePub title page (Digitalia, viewed November 1, 2024) | |
| 650 | 0 | |a Cultural landscapes |z Latin America |x History. | |
| 650 | 0 | |a Land use |z Latin America |x History. | |
| 650 | 0 | |a Cultural property |z South America |x History. | |
| 700 | 1 | |a Ruiz Medrano, Carlos Rubén, |e editor. | |
| 700 | 1 | |a Vázquez Salguero, David Eduardo, |e editor. | |
| 700 | 1 | |a Roque Puente, Carlos Alberto, |e editor. | |
| 791 | 2 | |a Digitalia (Firm), |e distributor. | |
| 793 | 0 | |g Digitalia eBook Collection: |a El Colegio de San Luis | |
| 776 | 0 | 8 | |i Print version: |t Estudios contemporáneos e históricos en la construcción del territorio. |b Primera edición. |d San Luis Potosí, S.L.P. : El Colegio de San Luis ; Aguascalientes, Ags. : Universidad Autónoma de Aguascalientes, [2022] |z 9786078794577 |
| 830 | 0 | |a Colección Investigaciones (San Luis Potosí, Mexico) | |
| 856 | 4 | 0 | |3 Digitalia Hispánica |u https://digitalia.unach.elogim.com/a/158629/ |
| 910 | |a Premium collection: 2024 | ||